اواز تو پھچانو / (Record no. 173521)

MARC details
000 -LEADER
fixed length control field 00462nam a22001817a 4500
005 - DATE AND TIME OF LATEST TRANSACTION
control field 20200302110551.0
010 ## - LCCN (DPL NO)
LC control number 230277
020 ## - INTERNATIONAL STANDARD BOOK NUMBER
Terms of availability 3.00
035 ## - SYSTEM CONTROL NUMBER
System control number 230277
037 ## - SOURCE OF ACQUISITION
Source of stock number/acquisition Cen Lib/Ret
082 ## - DEWEY DECIMAL CLASSIFICATION NUMBER
Classification number ک
100 ## - MAIN ENTRY--PERSONAL NAME
Personal name رام لعل
245 ## - TITLE STATEMENT
Title اواز تو پھچانو /
Statement of responsibility, etc رام لعل
246 ## - VARYING FORM OF TITLE
Title proper/short title Awaz Toh Pehchano (urdu) /
Remainder of title by Ram Laal
260 ## - PUBLICATION, DISTRIBUTION, ETC. (IMPRINT)
Place of publication, distribution, etc Lucknow
Name of publisher, distributor, etc Maktaba
Date of publication, distribution, etc 1963 ء
300 ## - PHYSICAL DESCRIPTION
Extent 182p.
Dimensions 18cm(Hb)
942 ## - ADDED ENTRY ELEMENTS (KOHA)
Source of classification or shelving scheme Dewey Decimal Classification
Item type Urdu Bks
Classification part ک
Call number suffix ر ا م
Holdings
Withdrawn status Lost status Not for loan Collection code Home library Current library Date acquired Source of acquisition Cost, normal purchase price Full call number Barcode Copy number Cost, replacement price Koha item type
      Fiction Central Library Central Library 02/03/2020 BPPD/Ven. 3.00 ک ر ا م 230277 1 3.00 Urdu Bks

© Delhi Public Library
Hit Counter
free hit counter